LIBRARY & INFORMATION CENTRE, KCAET, TAVANUR

ONLINE PUBLIC ACCESS CATALOGUE (OPAC)

Normal view MARC view
  • Kothari, P R

Entry Personal Name

Number of records used in: 1

001 - CONTROL NUMBER

  • control field: 5774

003 - CONTROL NUMBER IDENTIFIER

  • control field: OSt

005 - DATE AND TIME OF LATEST TRANSACTION

  • control field: 20240124164129.0

008 - FIXED-LENGTH DATA ELEMENTS

  • fixed length control field: 240124|| aca||aabn | a|a d

040 ## - CATALOGING SOURCE

  • Original cataloging agency: OSt
  • Transcribing agency: OSt

100 ## - HEADING--PERSONAL NAME

  • Personal name: Kothari, P R

670 ## - SOURCE DATA FOUND

  • Source citation: Work cat.: (OSt)4732: Purohit, S S . 5773, Basic and agricultural bio-technology / , 1993.
free website counter